书目信息 |
| 题名: |
笨女孩安琪儿
|
|
| 作者: | 杨红樱 著 | |
| 分册: | ||
| 出版信息: | 南宁 接力出版社 2011.01 |
|
| 页数: | 138页 | |
| 开本: | 21cm | |
| 丛书名: | 淘气包马小跳系列 | |
| 单 册: | ||
| 中图分类: | I287.45 | |
| 科图分类: | ||
| 主题词: | 儿童文学--中篇小说--中国--当代 , 中篇小说 , 儿童文学 | |
| 电子资源: | ||
| ISBN: | 978-7-5448-1408-9 | |
| 000 | 00844oam2 2200301 450 | |
| 001 | 1250175025 | |
| 005 | 20120108135647.89 | |
| 010 | @a978-7-5448-1408-9@dCNY15.00 | |
| 049 | @aA210000LPL@bUCS01004801919@c012004537981 | |
| 090 | @aI287.45@byhy | |
| 096 | @aI287.45@byhy | |
| 100 | @a20110303d2011 cemy0chiy50 ea | |
| 101 | 0 | @achi |
| 102 | @aCN@b450000 | |
| 105 | @aa z 000ay | |
| 200 | 1 | @a笨女孩安琪儿@9ben nv hai an qi er@b专著@f杨红樱著 |
| 205 | @a2版 | |
| 210 | @a南宁@c接力出版社@d2011.01 | |
| 215 | @a138页@c彩照,图@d21cm | |
| 225 | 2 | @a淘气包马小跳系列 |
| 461 | 0 | @1001002511535 |
| 606 | 0 | @a儿童文学@x中篇小说@y中国@z当代 |
| 606 | 0 | @a中篇小说 |
| 606 | 0 | @a儿童文学 |
| 690 | @aI287.45@v4 | |
| 701 | 0 | @a杨红樱@c(女)@4著@9yang hong ying |
| 801 | 0 | @aCN@b110017@c20110314 |
| 905 | @aZUCC@dI287.45@eY198=2 | |
| 笨女孩安琪儿/杨红樱著.-2版.-南宁:接力出版社,2011.01 |
| 138页:彩照,图;21cm.-(淘气包马小跳系列) |
| ISBN 978-7-5448-1408-9:CNY15.00 |
| ● |
| 相关链接 |
|
|
|
正题名:笨女孩安琪儿
索取号:I287.45/Y198=2
 
预约/预借
| 序号 | 登录号 | 条形码 | 馆藏地/架位号 | 状态 | 备注 |
| 1 | 481024 | 204810240 | 文学库116/116文学库 13排2列5层/ [索取号:I287.45/Y198=2] | 在馆 |